Music Quiz

Random Music or Song Quiz

Marco Borsato number 1 hits Quiz Stats

 Plays Quiz not verified by Sporcle

Score 0/16 Timer 04:00
0 Plays Today
Song % Correct
Rood
87.3%
Dromen zijn bedrog
86.5%
Binnen
65.1%
Dochters
62.7%
Wit licht
52.4%
Afscheid nemen bestaat niet
45.2%
Lopen op het water
43.7%
De bestemming
42.9%
Song % Correct
Wat zou je doen
42.1%
Voorbij
37.3%
Waarom nou jij
33.3%
Everytime I think of you
23.8%
Stop de tijd
19.8%
Waterkant
18.3%
Because we believe
16.7%
Als je iets kan doen
4.8%

You're not logged in!

Compare scores with friends on all Sporcle quizzes.
OR
Log In

Show Comments

Extras

Created Nov 27, 2010ReportNominate
Tags:Numbers Quiz, Song Quiz, hit

Top Quizzes Today


Score Distribution

Your Account Isn't Verified!

In order to create a playlist on Sporcle, you need to verify the email address you used during registration. Go to your Sporcle Settings to finish the process.

Report this User

Report this user for behavior that violates our Community Guidelines.

Details: